|
|
|
|
| LEADER |
00000nam1a2200000 4500 |
| 001 |
233518 |
| 005 |
20231031203607.0 |
| 035 |
|
|
|a (RuTPU)RU\TPU\book\254596
|
| 090 |
|
|
|a 233518
|
| 100 |
|
|
|a 20130305d1925 k y0rusy50 ca
|
| 101 |
0 |
|
|a rus
|
| 102 |
|
|
|a RU
|
| 200 |
1 |
|
|a Труды Минералогического музея
|e [сборник трудов]
|f Академия наук СССР (АН СССР), Минералогический музей
|
| 210 |
|
|
|a Москва
|a Ленинград
|c Изд-во АН СССР
|d 1925-1930, 1949-
|
| 300 |
|
|
|a Музей основан в 1836 г.
|
| 300 |
|
|
|a Издание основано в 1925 г., возобновлено в 1949 г.
|
| 430 |
|
1 |
|0 (RuTPU)RU\TPU\book\306509
|t Труды Геологического и Минералогического музея имени Петра Великого
|o [сборник]
|f Императорская академия наук ; Российская академия наук (РАН)
|c Петроград
|n Типография Академии Наук
|d 1916-1925
|
| 520 |
1 |
|
|a Труды Геологического музея им. Петра Великого
|
| 712 |
0 |
2 |
|a Академия наук СССР (АН СССР)
|b Минералогический музей
|2 stltpush
|3 (RuTPU)RU\TPU\col\722
|
| 801 |
|
1 |
|a RU
|b 63413507
|c 20130305
|
| 801 |
|
2 |
|a RU
|b 63413507
|c 20181130
|g RCR
|
| 942 |
|
|
|c BK
|